LEADER 00906cam a2200241 7i4500
001 0000071041
005 20221007090000.0
020 |a 9780429274275 (electronic book)  
090 0 0 |a QL737.P9   |b S77 2021 
100 1 |a Strier, Karen B  
245 1 0 |a Primate behavioral ecology   |c Karen B. Strier. 
264 |a Abingdon, Oxon ; New York:   |b Routledge,   |c 2021. 
300 |a 1 online resource (xxix, 593 pages):   |b illustrations, text file, PDF. 
336 |a text  |2 rdacontent 
337 |a computer  |2 rdamedia 
338 |a online resource  |2 rdacarrier 
650 0 |a Primates --   |x Behavior  
650 0 |a Primates --   |x Ecology  
655 0 |a Electronic books 
856 4 2 |u http://library.unisel.edu.my/web/guest/mylibrary 
997 |a Engineering & Life Sciences, Faculty  |b Science & Biotechnology, Department 
998 |a Biotechnology & Life Sciences, Diploma 
999 |a EBO0014089  |b EBOOK  |c EBOOK  |e Electronic resources